| 000 | 01416cam a22003854a 4500 | ||
|---|---|---|---|
| 001 | 16252138 | ||
| 003 | OSt | ||
| 005 | 20231204135608.0 | ||
| 008 | 100304s2010 ii b 001 0 eng d | ||
| 010 | _a 2010318558 | ||
| 020 | _a9788125038634 | ||
| 020 | _a8125038639 | ||
| 025 | _aI-E-2010-318558; 28-92 | ||
| 035 | _a(OCoLC)ocn552959962 | ||
| 035 | _a(OCoLC)552959962 | ||
| 037 |
_aLibrary of Congress -- New Delhi Overseas Office _cRs650.00 |
||
| 040 |
_aDKAGE _beng _cDKAGE _dDLC |
||
| 042 |
_alccopycat _alcode |
||
| 043 | _aa-ii--- | ||
| 050 | 0 | 0 |
_aPK5423.5.A88 _bK86 2010 |
| 082 | 0 | 4 |
_a891.4 _bKUM/D |
| 100 | 1 |
_aKumar, Raj, _d1967- _99700 |
|
| 245 | 1 | 0 |
_aDalit personal narratives : _breading caste, nation, and identity / _cRaj Kumar. |
| 260 |
_aNew Delhi : _bOrient BlackSwan, _c2010. |
||
| 300 |
_ax, 298 p. ; _c23 cm. |
||
| 504 | _aIncludes bibliographical references (p. [262]-288) and index. | ||
| 520 | _aIn Indian context. | ||
| 650 | 0 |
_aIndic prose literature _y20th century _xHistory and criticism. |
|
| 650 | 0 |
_aIndic prose literature _xDalit authors _xBiography. |
|
| 650 | 0 |
_aAutobiography _xDalit authors _xHistory and criticism. |
|
| 650 | 0 |
_aDalits _zIndia _xBiography _xHistory and criticism. |
|
| 906 |
_a7 _bcbc _ccopycat _d4 _encip _f20 _gy-gencatlg |
||
| 942 |
_2ddc _cBK _h891.4 _iKUM/D _k891.4 _mKUM/D |
||
| 999 |
_c43863 _d43863 |
||